书目信息 |
| 题名: |
升压升流器与负荷箱
|
|
| 作者: | 赵屹涛 , 赵修民 编著 | |
| 分册: | ||
| 出版信息: | 北京 中国水利水电出版社 2005.10 |
|
| 页数: | 160页 | |
| 开本: | 22cm | |
| 丛书名: | 测量用互感器及其测试仪器丛书 | |
| 单 册: | ||
| 中图分类: | TM423 | |
| 科图分类: | TM423 | |
| 主题词: | 升压器-基本知识--按作用性能分的 | |
| 电子资源: | ||
| ISBN: | 7-5084-3274-6 | |
| 000 | 00740nam0 2200229 450 | |
| 001 | 0635187577 | |
| 005 | 20061011102516.32 | |
| 010 | @a7-5084-3274-6@dCNY 18.00 | |
| 100 | @a20060825d2005 km y0chiy0120 ea | |
| 101 | 0 | @achi |
| 200 | 1 | @a升压升流器与负荷箱@Asheng ya sheng liu qi yu fu he xiang@f赵屹涛,赵修民编著@Fzhao yi tao,zhao xiu min bian zhu |
| 210 | @a北京@c中国水利水电出版社@d2005.10 | |
| 215 | @a160页@d22cm | |
| 225 | 2 | @a测量用互感器及其测试仪器丛书 |
| 410 | 0 | @12001 @a测量用互感器及其测试仪器丛书 |
| 606 | 0 | @a升压器-基本知识@x按作用性能分的 |
| 690 | @aTM423@v4 | |
| 692 | @aTM423 | |
| 701 | 0 | @a赵屹涛@Azhao yi tao@4编著 |
| 701 | 0 | @a赵修民@Azhao xiu min@4编著 |
| 801 | 0 | @aCN@c20061011 |
| 905 | @apdsgxy@dTM423@eZ346 | |
| 升压升流器与负荷箱/赵屹涛,赵修民编著.-北京:中国水利水电出版社,2005.10 |
| 160页;22cm.-(测量用互感器及其测试仪器丛书) |
| ISBN 7-5084-3274-6:CNY 18.00 |
| ● |
| 相关链接 |
|
|
|
正题名:升压升流器与负荷箱
索取号:TM423/Z346
 
预约/预借
| 序号 | 登录号 | 条形码 | 馆藏地/架位号 | 状态 | 备注 |
| 1 | 609780 | 206097800 | 自科二线404/301自科库 9排2列3层/ [索取号:TM423/Z346] | 在馆 | |
| 2 | 609781 | 206097819 | 自科二线404/301自科库 9排2列2层/ [索取号:TM423/Z346] | 在馆 | |
| 3 | 609782 | 206097828 | 自科库301/301自科库 12排3列2层/ [索取号:TM423/Z346] | 在馆 |